[Event "25th Open"]
[Site "Teteven BUL"]
[Date "2010.08.15"]
[Round "2"]
[White "Dimov,Dana"]
[Black "Janchev,P"]
[Result "1/2-1/2"]
[WhiteElo "1935"]
[BlackElo "2210"]

1.e4 d6 2.d4 Nf6 3.Nc3 Nbd7 4.Nf3 e5 5.Bc4 Be7 6.O-O O-O 7.Re1 c6 8.a4 a5
9.h3 h6 10.Bb3 Nh7 11.Be3 Ng5 12.Nxg5 Bxg5 13.Qd2 Qf6 14.Bxg5 Qxg5 15.Qxg5 hxg5
16.Rad1 g6 17.Re3 Kg7 18.Rg3 f6 19.Bc4 Re8 20.Rgd3 f5 21.Ba2  1/2-1/2

[Event "e2e4 Autumn Women"]
[Site "Uxbridge ENG"]
[Date "2010.08.15"]
[Round "8"]
[White "Lalic,S"]
[Black "Steil Antoni,F"]
[Result "1/2-1/2"]
[WhiteElo "2298"]
[BlackElo "2193"]

1.e4 d6 2.d4 Nf6 3.Nc3 Nbd7 4.Nf3 e5 5.Bc4 Be7 6.O-O O-O 7.Re1 c6 8.a4 a5
9.Ba2 exd4 10.Nxd4 Nc5 11.Qf3 Ng4 12.Nf5 Ne5 13.Nxe7+ Qxe7 14.Qg3 Be6  1/2-1/2

[Event "28th WJun Girls"]
[Site "Chotowa POL"]
[Date "2010.08.16"]
[Round "13"]
[White "Adamowicz,K"]
[Black "Bhakti,K"]
[Result "0-1"]
[WhiteElo "2123"]
[BlackElo "2249"]

1.e4 d6 2.d4 Nf6 3.Nc3 e5 4.Nf3 Nbd7 5.Bc4 Be7 6.O-O O-O 7.Qe2 c6 8.a4 b6
9.Rd1 Qc7 10.Bg5 h6 11.Bh4 g5 12.Bg3 Nh5 13.h4 Nxg3 14.fxg3 Kg7 15.Rf1 Bf6
16.dxe5 Nxe5 17.Nxe5 Bxe5 18.Qh5 Qe7 19.Rf3 f6 20.Rd3 d5 21.Bb3 Ba6 22.Rdd1 Bxc3
23.bxc3 dxe4 24.a5 b5 25.Kh2 Rae8 26.Re1 Bc8 27.Rad1 g4 28.Rd4 f5 29.Red1 Rf6
30.Rd6 Ref8 31.R6d2 f4 32.gxf4 g3+ 33.Kg1 Rxf4 34.Rd6 Qxd6  0-1

[Event "Negroponte Open"]
[Site "Chalkis GRE"]
[Date "2010.08.17"]
[Round "9"]
[White "Kouvatsou,M"]
[Black "Danielian,E"]
[Result "1/2-1/2"]
[WhiteElo "2085"]
[BlackElo "2431"]

1.e4 c6 2.d4 d6 3.Nc3 Nf6 4.f4 Qa5 5.e5 Ne4 6.Bd3 Nxc3 7.Qd2 g6 8.bxc3 Bh6
9.Nf3 dxe5 10.Nxe5 Nd7 11.c4 Qxd2+ 12.Bxd2 O-O 13.Rb1 Rd8 14.Nxd7 Rxd7 15.Be3 Bg7
16.c3 c5 17.d5 Bxc3+ 18.Kf2 b6 19.Rb3 Bf6 20.a4 Bb7 21.Be4 Ba6 22.Rc1 Kg7
23.a5 Rd6 24.g4 h6 25.Kg3 Re8 26.h4 e6 27.g5 Bd4 28.Bxd4+ cxd4 29.axb6 axb6
30.Ra3 Bb7 31.Rd1 exd5 32.Bxd5 Bxd5 33.Rxd4 hxg5 34.hxg5 Rc8 35.cxd5 Rc5
36.Rad3 Kf8 37.Kf3 b5 38.Ke4 Ke7 39.Ra3 Rd7 40.Ra8 Rb7 41.Rb4 Rd7 42.Rd4 Rb7
43.Ra6  1/2-1/2

[Event "Open"]
[Site "Stockholm SWE"]
[Date "2010.08.17"]
[Round "4"]
[White "Mattsson,M"]
[Black "Georgescu,T"]
[Result "0-1"]
[WhiteElo "2086"]
[BlackElo "2404"]

1.e4 d6 2.d4 Nf6 3.Nc3 e5 4.dxe5 dxe5 5.Qxd8+ Kxd8 6.Bc4 Ke8 7.Nf3 Bd6 8.O-O Nbd7
9.Bg5 h6 10.Be3 Nb6 11.Bb3 Ke7 12.a4 Be6 13.Bxe6 Kxe6 14.b3 c6 15.Nh4 g6
16.f3 Nfd7 17.a5 Nc8 18.f4 exf4 19.Bd4 Be5 20.Ne2 g5 21.Nf5 Nd6 22.Bxe5 Nxe5
23.Ned4+ Kd7 24.Rad1 Nxf5 25.Nxf5+ Kc7 26.Rd6 Rad8 27.Rfd1 h5 28.c4 Rxd6
29.Rxd6 Rd8 30.Rxd8 Kxd8 31.Nd6 Kc7 32.c5 b6 33.b4 bxc5 34.bxc5 Kd7 35.Kf1 f6
36.Ke2 g4 37.Nf5 f3+ 38.gxf3 Nxf3 39.h4 Ne5 40.a6 Ng6 41.Kf2 Nf4 42.Ng7 Ke7
43.Kg3 Kf8 44.Nf5 Nd3 45.Nd4 Nxc5 46.Nxc6 Nxe4+ 47.Kf4 Nc5 48.Nxa7 Nxa6 49.Nc8 Nc5
50.Nd6 Ne6+ 51.Ke4 Kg7 52.Nf5+ Kg6 53.Ne7+ Kf7 54.Nf5 Ng7 55.Ne3 Kg6 56.Nd5 Kf7
57.Nf4 Ke7 58.Nd5+ Ke6 59.Nf4+ Kd6 60.Ng2 f5+ 61.Kf4 Kd5 62.Ne3+ Ke6 63.Kg5 Ke5  0-1

[Event "44th Magistral"]
[Site "Mislata ESP"]
[Date "2010.08.18"]
[Round "4"]
[White "Pardo Simon,D"]
[Black "Vassallo Barroche,M"]
[Result "1/2-1/2"]
[WhiteElo "2321"]
[BlackElo "2409"]

1.e4 d6 2.d4 Nf6 3.Nc3 e5 4.Nge2 Nbd7 5.f3 c6 6.Be3 Be7 7.Qd2 h5 8.O-O-O Qc7
9.f4 a6 10.g3 b5 11.Bg2 Bb7 12.a3 O-O-O 13.h3 Nb6 14.Bf2 Nc4  1/2-1/2

[Event "Open"]
[Site "Stockholm SWE"]
[Date "2010.08.19"]
[Round "6"]
[White "Hammar,U"]
[Black "Georgescu,T"]
[Result "0-1"]
[WhiteElo "2220"]
[BlackElo "2404"]

1.d4 d6 2.e4 Nf6 3.Nc3 Nbd7 4.Be3 e5 5.Nf3 Be7 6.Bc4 O-O 7.O-O c6 8.Bb3 b5
9.a3 Bb7 10.Re1 a6 11.Bg5 h6 12.Bh4 Re8 13.Bg3 Bf8 14.dxe5 dxe5 15.Re2 Qc7
16.Qe1 Nh5 17.Rd1 Nxg3 18.hxg3 a5 19.Nb1 Nc5 20.Ba2 Rad8 21.Red2 Rxd2 22.Rxd2 Bc8
23.Nc3 b4 24.axb4 axb4 25.Nd1 Ba6 26.g4 Qa5 27.Bb3 Bc8 28.g5 hxg5 29.Nxg5 Nxb3
30.cxb3 f6 31.Nf3 Be6 32.Rd3 Rd8 33.Qd2 Be7 34.Kh2 Bxb3 35.Ne3 Be6 36.Nh4 Rxd3
37.Qxd3 Qd8 38.Qe2 Qe8 39.Nef5 Bf8 40.Qg4 g5 41.Nf3 Qd7 42.Kg1 Qd1+ 43.Kh2 Qd7
44.Kg1 c5 45.N3h4 Qf7 46.g3 Bg7 47.Ng2 c4 48.Nge3 Bf8 49.Nd5 c3 50.bxc3 b3
51.Qd1 b2 52.Kg2 Bxf5 53.exf5 Qb7  0-1

[Event "Open"]
[Site "Bratto ITA"]
[Date "2010.08.20"]
[Round "1"]
[White "Brunello,S"]
[Black "Finocchiaro,G"]
[Result "1-0"]
[WhiteElo "2488"]
[BlackElo "2104"]

1.d4 d6 2.e4 Nf6 3.Nc3 c6 4.f4 Qa5 5.Bd3 d5 6.e5 Ne4 7.Nf3 Bg4 8.O-O Nxc3
9.Qe1 e6 10.bxc3 Nd7 11.Bd2 Qa4 12.f5 O-O-O 13.Ng5 Bh5 14.Qh4 g6 15.Nxf7 Bg7
16.f6  1-0

[Event "44th Magistral"]
[Site "Mislata ESP"]
[Date "2010.08.20"]
[Round "7"]
[White "Pardo Simon,D"]
[Black "Galego,L"]
[Result "1/2-1/2"]
[WhiteElo "2321"]
[BlackElo "2435"]

1.e4 d6 2.d4 Nf6 3.Nc3 c6 4.f4 g6 5.e5 dxe5 6.fxe5 Nd5 7.Nxd5 cxd5 8.Bd3 Bg7
9.Nf3 f6 10.exf6 exf6 11.Qe2+ Qe7 12.Qxe7+ Kxe7 13.O-O Be6 14.Bf4 Nc6 15.c3 Rhe8
16.Bg3 Rac8 17.Bh4 Kd7 18.Nd2 f5 19.Nb3 b6 20.Ba6 Ra8 21.a4 Bf8 22.a5 Bd6
23.Bg3 Bxg3 24.hxg3 Kc7 25.Bd3  1/2-1/2

[Event "27th Open A"]
[Site "Collado Villalba ESP"]
[Date "2010.08.21"]
[Round "2"]
[White "Pena Aumar,N"]
[Black "Moreno Ruiz,J"]
[Result "0-1"]
[WhiteElo "2083"]
[BlackElo "2494"]

1.e4 d6 2.d4 Nf6 3.Nc3 e5 4.Nf3 Nbd7 5.Be2 Be7 6.O-O O-O 7.Re1 c6 8.a4 a5
9.Bf1 Re8 10.Bg5 h6 11.Bxf6 Bxf6 12.d5 Nb6 13.h3 Qc7 14.Nd2 cxd5 15.exd5 Be7
16.Qh5 Rf8 17.Qd1 f5 18.g4 Bg5 19.gxf5 Bxf5 20.Nde4 Qe7 21.Bg2 Bf4 22.Ng3 Bd7
23.Nce4 Nxa4 24.b3 Nb6 25.c4 a4 26.Qd3 Nc8 27.b4 Qh4 28.Kh2 Bf5 29.c5 b6
30.c6 Ra7 31.Ra2 g5 32.Rae2 g4 33.Rh1 Rg7 34.Kg1 gxh3  0-1

[Event "Centenary IM"]
[Site "Dun Laoghaire IRL"]
[Date "2010.08.21"]
[Round "1"]
[White "Rodriguez Lopez,Ra"]
[Black "Cech,P"]
[Result "1-0"]
[WhiteElo "2312"]
[BlackElo "2410"]

1.e4 d6 2.d4 Nf6 3.Nc3 c6 4.f4 Qa5 5.Bd3 e5 6.Nf3 Bg4 7.dxe5 dxe5 8.h3 Bxf3
9.Qxf3 Nbd7 10.f5 Bc5 11.Bd2 Qc7 12.O-O-O O-O-O 13.g4 h6 14.Bc4 Nb6 15.Bb3 Qe7
16.Kb1 Rd7 17.Bc1 Rxd1 18.Rxd1 Nbd7 19.Ne2 Bb6 20.c3 Nc5 21.Bc2 a5 22.Ng3 Nfd7
23.h4 Kc7 24.Rh1 Qe8 25.Nf1 Kc8 26.Ne3 Bc7 27.Qe2 Qe7 28.Qg2 b5 29.Nf1 Kb7
30.g5 hxg5 31.hxg5 Rxh1 32.Qxh1 g6 33.Qh7 Nf8 34.Qg7 gxf5 35.exf5 Bd6 36.g6 fxg6
37.Qxe7+ Bxe7 38.fxg6 Nce6 39.Ng3 Ng7 40.Bh6 Nfe6 41.Nf5 Bf6 42.Nd6+ Kc7
43.Ne4 Nf5 44.Nxf6 Nxh6 45.Nh5 Kd6 46.g7 Ke7 47.Be4 Nd8 48.Bg6 c5 49.Kc2 c4
50.Kd2 Ne6 51.Be4 Nc7 52.Ke3 Kf7 53.a3 Ng4+ 54.Kf3 Nh6 55.Kg3 Na6 56.Kh4 Nc5
57.Bc2 Ne6 58.Be4 Nxg7 59.Nxg7 Kxg7 60.Kg5 Nf7+ 61.Kf5 Kf8 62.Bd5 Nd8 63.Kxe5 Ke7
64.a4 bxa4 65.Kd4 Kd6 66.Bxc4 Nc6+ 67.Ke4 Ne7 68.Bd3 Kc6 69.Bc2 Kb6 70.Bxa4 Nc8
71.Bd7 Ne7 72.Kd4 Ng6 73.c4  1-0

[Event "1st Fermo Festival"]
[Site "Porto San Giorgio ITA"]
[Date "2010.08.21"]
[Round "1"]
[White "Martinez,Rol"]
[Black "Borino,P"]
[Result "1-0"]
[WhiteElo "2429"]
[BlackElo "1951"]

1.e4 d6 2.d4 Nf6 3.Nc3 c6 4.Nf3 Bg4 5.Be2 Nbd7 6.h3 Bh5 7.Be3 Qa5 8.Nd2 Bg6
9.O-O e5 10.a3 Be7 11.f4 exf4 12.Bxf4 Qb6 13.Nc4 Qc7 14.e5 dxe5 15.dxe5 Nd5
16.e6  1-0

[Event "6th Prospero A Pichay Cup"]
[Site "Manila PHI"]
[Date "2010.08.22"]
[Round "2"]
[White "Garma,C"]
[Black "Bhagwat,V"]
[Result "1-0"]
[WhiteElo "2341"]
[BlackElo "2175"]

1.e4 d6 2.d4 Nf6 3.Nc3 e5 4.Nf3 Nbd7 5.Bc4 Be7 6.O-O O-O 7.a4 c6 8.Ba2 b6
9.Qe2 Qc7 10.Rd1 exd4 11.Nxd4 Nc5 12.Bf4 Re8 13.b4 Ne6 14.Bxe6 Bxe6 15.b5 Bd7
16.bxc6 Bxc6 17.Ndb5 Bxb5 18.Nxb5 Qc6 19.Rd4 Bf8 20.Re1 d5 21.Nc7 Bc5 22.Nxe8 Rxe8
23.Rdd1 Nxe4 24.Bg3 Bb4 25.c3 Bxc3 26.Qc2 f5 27.Re3 Rc8 28.Qb3 Qc4 29.Qb5 Bd4
30.Red3 Qxb5 31.axb5 Bf6 32.Kf1 d4 33.Ra3 Rc5 34.Rxa7 Rxb5 35.Bf4 h6 36.f3 Nc3
37.Re1 Rb2 38.Rd7 Rb5 39.Bxh6  1-0

[Event "6th Prospero A Pichay Cup"]
[Site "Manila PHI"]
[Date "2010.08.22"]
[Round "2"]
[White "Haznedaroglu,K"]
[Black "Olay,E"]
[Result "1/2-1/2"]
[WhiteElo "2501"]
[BlackElo "2289"]

1.e4 d6 2.d4 Nf6 3.Nc3 e5 4.Nf3 exd4 5.Nxd4 Be7 6.Bc4 O-O 7.O-O Nxe4 8.Nxe4 d5
9.Bd3 dxe4 10.Bxe4 Bf6 11.c3 Re8 12.Bf3 c6 13.Be3 Nd7 14.Qb3 Ne5 15.Be2 Qc7
16.h3 Ng6 17.Rfe1 Bxh3 18.Bc4 Bc8 19.a4 Rf8 20.Nf3 b6 21.Bg5 Bxg5 22.Nxg5 Bf5
23.Rad1 h6 24.Ne4 Rad8 25.Ng3 Bg4 26.Rxd8 Rxd8 27.Qc2 Nf8 28.Nf5 Qf4 29.Ne7+ Kh8
30.Qe4 Qxe4 31.Rxe4 Rd1+ 32.Kh2 Be6 33.Nxc6 a5 34.Ne5 Rd2 35.Bxe6 fxe6 36.Rf4 Kg8
37.Nc4 Rc2 38.Rd4 Rxf2 39.Kg3 Rc2 40.Rd6 g5 41.Rxb6 Kf7 42.Rb7+ Kf6 43.Ne3 Rd2
44.Kf3 h5 45.g3 Ng6 46.b4 axb4 47.cxb4 Ne5+ 48.Ke4 Ra2 49.a5 h4 50.gxh4 gxh4
51.Rh7 Rb2 52.Rh6+ Ng6 53.Kd4 Rxb4+ 54.Kc5 Rb8 55.a6 Kg5 56.Rh7 Nf8 57.Rg7+ Kf6
58.Rg8 Nd7+ 59.Kc6 Rb6+ 60.Kxd7 Rxa6  1/2-1/2

[Event "46th Akiba Rubinstein Open A"]
[Site "Polanica Zdroj POL"]
[Date "2010.08.22"]
[Round "4"]
[White "Szmyd,M"]
[Black "Czyz,Ar"]
[Result "0-1"]
[WhiteElo "2171"]
[BlackElo "2061"]

1.e4 d6 2.d4 Nf6 3.Nc3 e5 4.Nf3 Nbd7 5.dxe5 dxe5 6.Bc4 Bc5 7.Bg5 c6 8.O-O b5
9.Bb3 Qc7 10.Qe2 O-O 11.a4 b4 12.Nb1 Be7 13.Nbd2 Nc5 14.Bc4 a5 15.Rfd1 Rd8
16.h3 Ne6 17.Bxe6 Bxe6 18.Nc4 h6 19.Bh4 Bxc4 20.Qxc4 Rd6 21.Bg3 Nd7 22.Rxd6 Qxd6
23.c3 Rb8 24.Rc1 c5 25.Kh2 Bg5 26.Nxg5 hxg5 27.Qd5 Qxd5 28.exd5 bxc3 29.bxc3 c4
30.f3 Rb2 31.Kg1 Kf8 32.Re1 f6 33.Re4 Rd2 34.Rxc4 Rxd5 35.Rc8+ Ke7 36.Ra8 Nb6
37.Ra7+ Kd6 38.Ra6 Kc7 39.Bf2 Nxa4 40.c4 Rd1+ 41.Kh2 Rc1 42.Rxa5 Rxc4 43.Ra7+ Kd6
44.Rxg7 Nc3 45.h4 gxh4 46.Rh7 Nd5 47.Bxh4 Ke6 48.Ra7 Rxh4+  0-1

[Event "TCh-SRB 1st League"]
[Site "Vrnjacka Banja SRB"]
[Date "2010.08.22"]
[Round "2"]
[White "Vuckovic,Bo"]
[Black "Markus,Rob"]
[Result "1-0"]
[WhiteElo "2623"]
[BlackElo "2616"]

1.e4 d6 2.d4 Nf6 3.Nc3 e5 4.Nf3 Nbd7 5.Bc4 Be7 6.O-O O-O 7.Re1 c6 8.a4 a5
9.b3 Nb6 10.Bd3 Bg4 11.Be2 Nbd7 12.h3 Bh5 13.Be3 Re8 14.Nd2 Bxe2 15.Rxe2 d5
16.exd5 Nxd5 17.Nxd5 cxd5 18.dxe5 Nxe5 19.Bd4 Nc6 20.Bb2 Bf8 21.Nf3 Rxe2
22.Qxe2 Qc7 23.Rd1 Rd8 24.Qb5 h6 25.g3 b6 26.Rxd5 Rxd5 27.Qxd5 Nb4 28.Qe4 Qxc2
29.Qxc2 Nxc2 30.Kf1 Bc5 31.Ke2 Nb4 32.Ne5 f6 33.Nd7 Kf7 34.Ba3 Bd4 35.Bxb4 axb4
36.Nb8 Ke6 37.Na6 Bc3 38.Nc7+ Ke5 39.Kd3 Be1 40.Ke2 Bc3 41.Kd3 Be1 42.Ke3 Kd6
43.Ne8+ Ke5 44.Nxg7 f5 45.Nh5 Bc3 46.Nf4 Bd4+ 47.Ke2 Bc3 48.Kd3 Be1 49.Ke3 Bc3
50.Ne2 Bb2 51.f4+ Kd5 52.g4 fxg4 53.hxg4 Bf6 54.Ng3 Bd4+ 55.Kd3 Bc5 56.Nf5 Bf8
57.Ne3+  1-0

[Event "Open"]
[Site "Bratto ITA"]
[Date "2010.08.23"]
[Round "4"]
[White "Kogan,Ar"]
[Black "Ramiro Ovejero,J"]
[Result "1-0"]
[WhiteElo "2541"]
[BlackElo "2383"]

1.e4 d6 2.d4 Nf6 3.Nc3 e5 4.Nf3 Nbd7 5.Bc4 Be7 6.O-O Nb6 7.Be2 exd4 8.Nxd4 O-O
9.a4 a5 10.f4 Re8 11.Bf3 Bf8 12.b3 c6 13.Bb2 Nbd7 14.Re1 g6 15.Qd2 Nc5 16.h3 h5
17.Qf2 Qb6 18.Rad1 Bh6 19.Nde2 Bf8 20.Ng3 Qc7 21.Nb1 Ncd7 22.Kh1 Rb8 23.Qd4 Bg7
24.Qd2 h4 25.Nf1 b5 26.Ba3 d5 27.e5 Ne4 28.Bxe4 b4 29.Bxg6 fxg6 30.Bb2 Nc5
31.Qf2 Qe7 32.Nbd2 Rf8 33.Ne3 Ne6 34.Ng4 Rxf4 35.Qg1 Rxg4 36.hxg4 Ng5 37.Qd4 Be6
38.Nf3 Ne4 39.Rxe4 dxe4 40.Qxe4 h3 41.Qxg6 hxg2+ 42.Kxg2 Qf7 43.Qxf7+ Bxf7
44.Nh4 Re8 45.Re1 Rd8 46.Bc1 c5 47.Nf5 Be6 48.Bg5 Rd7 49.Kg3 Kf7 50.Nd6+ Kg6
51.Bf4 Bf8 52.Ne4 Be7 53.Rh1 Rd4 54.Rh6+ Kf7 55.Rh7+ Ke8 56.Nd6+ Bxd6 57.exd6 Bf7
58.Rh8+ Kd7 59.Ra8 Kc6 60.Ra6+ Kb7 61.Rxa5  1-0

[Event "27th Open A"]
[Site "Collado Villalba ESP"]
[Date "2010.08.23"]
[Round "4"]
[White "Arbunic Castro,G"]
[Black "Gomez Ledo,R"]
[Result "0-1"]
[WhiteElo "2081"]
[BlackElo "2445"]

1.e4 d6 2.d4 Nf6 3.Nc3 c6 4.a4 Qa5 5.Bd3 e5 6.Ne2 Be7 7.O-O O-O 8.h3 Nbd7
9.Be3 Re8 10.Qd2 Qc7 11.f4 b6 12.g4 exd4 13.Nxd4 Nc5 14.g5 Nfd7 15.Be2 Bf8
16.Bf3 a5 17.Rad1 Ba6 18.Rfe1 Rad8 19.h4 Ne6 20.Qh2 Nxd4 21.Bxd4 Nc5 22.f5 Nd7
23.f6 Ne5 24.Kf2 d5 25.Bxe5 Rxe5 26.fxg7 Bxg7 27.Qg2 Rde8 28.exd5 Rxe1 29.Rxe1 Bd4+  0-1

[Event "USCL"]
[Site "ICC INT"]
[Date "2010.08.23"]
[Round "1"]
[White "Bournival,B"]
[Black "Balasubramanian,A"]
[Result "1/2-1/2"]
[WhiteElo "2302"]
[BlackElo "1889"]

1.e4 d6 2.d4 Nf6 3.Nc3 Nbd7 4.Nf3 e5 5.Bc4 Be7 6.O-O O-O 7.Re1 c6 8.a4 b6
9.Ba2 a6 10.h3 Rb8 11.Qe2 b5 12.axb5 axb5 13.b4 Qc7 14.Bb2 Nh5 15.Qd1 Bf6
16.Ne2 exd4 17.Bxd4 Ne5 18.Nxe5 dxe5 19.Bc5 Rd8 20.Qc1 Nf4 21.Bb3 Ne6 22.Be3 Be7
23.Ra7 Rb7 24.Rxb7 Qxb7 25.c3 h6 26.Rd1 Rxd1+ 27.Qxd1 Qc7 28.Ng3 Nf4 29.Nf5 Bxf5
30.exf5 Qc8 31.Bxf4 exf4 32.Qh5 Qe8 33.Qe2 Qd7 34.Bc2 Bf6 35.c4 bxc4 36.Qxc4 Qe7
37.Qe4 Qxe4  1/2-1/2

[Event "6th Prospero A Pichay Cup"]
[Site "Manila PHI"]
[Date "2010.08.23"]
[Round "4"]
[White "Segarra,R"]
[Black "Olay,E"]
[Result "0-1"]
[WhiteElo "2308"]
[BlackElo "2289"]

1.e4 d6 2.d4 Nf6 3.Nc3 e5 4.Nf3 exd4 5.Nxd4 Be7 6.Bc4 O-O 7.O-O Nxe4 8.Nxe4 d5
9.Bd3 dxe4 10.Bxe4 Bf6 11.Be3 Re8 12.Bf3 c6 13.c3 Nd7 14.Re1 Ne5 15.Be2 Ng6
16.Bc4 Ne5 17.Be2 Bd7 18.Nf3 Qc7 19.Nxe5 Bxe5 20.g3 Rad8 21.Qc2 Bxg3 22.hxg3 Rxe3
23.fxe3 Qxg3+ 24.Kh1 Qh3+ 25.Kg1 Qxe3+ 26.Kh1 Qh3+ 27.Kg1 Bf5 28.Qa4 Qe3+
29.Kh2 Be4  0-1

[Event "TCh-SRB 1st League"]
[Site "Vrnjacka Banja SRB"]
[Date "2010.08.23"]
[Round "3"]
[White "Podinic,V"]
[Black "Paunovic,D"]
[Result "1-0"]
[WhiteElo "2400"]
[BlackElo "2553"]

1.e4 d6 2.d4 Nf6 3.Nc3 e5 4.Nf3 Nbd7 5.Bc4 Be7 6.dxe5 Nxe5 7.Nxe5 dxe5 8.Qxd8+ Bxd8
9.a4 c6 10.a5 Be7 11.f3 Bd6 12.Be3 Ke7 13.Ke2 Be6 14.Bxe6 Kxe6 15.Rhd1 Rhd8
16.Rd3 Be7 17.Rxd8 Bxd8 18.Na4 Nd7 19.Nc5+ Nxc5 20.Bxc5 Be7 21.Bxe7 Kxe7
22.Ra3 Kd6 23.Rd3+ Kc7 24.Ke3 Re8 25.b4 Re6 26.c4 Rh6 27.h3 Rg6 28.Kf2 h5
29.c5 h4 30.Rd2 Re6 31.Ke3 Re8 32.f4 exf4+ 33.Kxf4 Re6 34.e5 Rg6 35.Ke4 b6
36.a6 Rg3 37.Rf2 f6 38.exf6 gxf6 39.Rxf6 Rb3 40.Rf7+ Kb8 41.Ke5 Rd3 42.Rb7+ Ka8
43.cxb6 axb6 44.Rxb6 Rb3 45.Kd6 Rb2 46.Kxc6 Ka7 47.Rb7+ Ka8 48.Rb6 Rxg2 49.Kb5 Rg5+
50.Ka4 Rg3 51.Rh6 Rxh3 52.b5 Ka7 53.Rh7+ Kb6 54.Kb4  1-0

[Event "TCh-SRB 1st League"]
[Site "Vrnjacka Banja SRB"]
[Date "2010.08.23"]
[Round "3"]
[White "Nadj Hedjesi,B"]
[Black "Bozic,Mila"]
[Result "0-1"]
[WhiteElo "2426"]
[BlackElo "2456"]

1.e4 d6 2.d4 c6 3.Nc3 Nf6 4.Nf3 Bg4 5.h3 Bh5 6.g4 Bg6 7.e5 Ne4 8.e6 Qa5 9.exf7+ Bxf7
10.Bd2 Nxd2 11.Qxd2 Nd7 12.Ng5 Bg8 13.Bd3 g6 14.f4 O-O-O 15.Ne2 Qxd2+ 16.Kxd2 e5
17.Rhf1 Be7 18.h4 Nf6 19.f5 Nxg4 20.fxg6 hxg6 21.Bxg6 Kb8 22.Nf7 Bxf7 23.Rxf7 Bxh4
24.Rg1 Nf6 25.Bf5 Rhf8 26.Rxf8 Rxf8 27.dxe5 dxe5 28.Nc3 Bf2 29.Rg2 Bd4 30.Nd1 Nd7
31.Bh7 Rd8 32.Rg8 Rxg8 33.Bxg8 Kc7 34.Bh7 Kd6 35.c3 Bb6 36.b4 Nf6 37.Bf5 Bg1
38.a4 b6 39.Kd3 b5 40.axb5 cxb5 41.Bg6 Ke6 42.Nb2 Bf2 43.c4 Bd4 44.Nd1 bxc4+
45.Kxc4 Nd7 46.Nc3 Nb6+ 47.Kd3 Nc8 48.Ne2 Bf2 49.Nc3 Be1 50.Be4 Nd6 51.Bc6 Kf5
52.b5 Bxc3 53.Kxc3 Kf4 54.Kd3 Nc8 55.Bd7 e4+ 56.Kd4 Nd6 57.Bc6 e3 58.Kd3 Nf5
59.Be8 Nd4 60.Bc6 a6 61.Kxd4 e2 62.bxa6 e1=Q 63.Kc5 Qe3+ 64.Kb5 Ke5  0-1

[Event "TCh-SRB 1st League"]
[Site "Vrnjacka Banja SRB"]
[Date "2010.08.23"]
[Round "3"]
[White "Popov,Si1"]
[Black "Strikovic,A"]
[Result "0-1"]
[WhiteElo "2455"]
[BlackElo "2554"]

1.d4 d6 2.e4 Nf6 3.Nc3 e5 4.Nf3 Nbd7 5.Bc4 Be7 6.O-O Nb6 7.Be2 exd4 8.Nxd4 O-O
9.a4 a5 10.Bf4 c6 11.Bg3 Re8 12.h3 Bf8 13.Bd3 Nbd7 14.Rb1 Nc5 15.Qf3 Nxd3
16.cxd3 Nd7 17.Bf4 Ne5 18.Qg3 Be7 19.Rbd1 Bh4 20.Qh2 Qb6 21.Nce2 Bd7 22.Bc1 d5
23.f4 Ng6 24.f5 Bf6 25.Be3 Ne5 26.Qg3 c5 27.Nb5 Bxb5 28.axb5 dxe4 29.Nc3 Nd7
30.Nd5 Qd8 31.Bh6 Kh8 32.Nxf6 Qxf6 33.Bg5 Qe5 34.Qg4 f6 35.Be3  0-1

[Event "TCh-SRB 1st League"]
[Site "Vrnjacka Banja SRB"]
[Date "2010.08.23"]
[Round "3"]
[White "Pap,M"]
[Black "Popovic,Du"]
[Result "1/2-1/2"]
[WhiteElo "2509"]
[BlackElo "2564"]

1.e4 d6 2.d4 Nf6 3.Nc3 e5 4.dxe5 dxe5 5.Qxd8+ Kxd8 6.Bg5 Be6 7.O-O-O+ Kc8
8.Nf3 Nbd7 9.Bh4 h6 10.Bxf6 gxf6 11.Nh4 c6 12.Be2 Bc5 13.Rhf1 h5 14.Nf5 Kc7
15.h4 Rhg8 16.g3 b5 17.Rd3 Bb6 18.Rf3 a5 19.Re1 Nc5 20.Bf1 Rg4 21.Ne3 Rg6
22.b3 Rd8 23.Nf5 Rg4 24.Bd3 b4 25.Nd1 Bxf5 26.Rxf5 Rxd3 27.cxd3 Nxd3+ 28.Kd2 Nxe1
29.Kxe1 Rxe4+ 30.Kf1 Rd4 31.Ke2 Re4+ 32.Kd3 Rd4+ 33.Ke2 Re4+ 34.Kd3 Rd4+
35.Ke2 Re4+ 36.Kd3 Rd4+ 37.Ke2 Re4+  1/2-1/2

[Event "6th Prospero A Pichay Cup"]
[Site "Manila PHI"]
[Date "2010.08.24"]
[Round "6"]
[White "Pourkashiyan,A"]
[Black "Olay,E"]
[Result "1-0"]
[WhiteElo "2308"]
[BlackElo "2289"]

1.e4 d6 2.d4 Nf6 3.Nc3 e5 4.Nf3 exd4 5.Nxd4 Be7 6.g3 O-O 7.Bg2 c6 8.O-O Re8
9.Bf4 Qc7 10.a4 a5 11.Qd2 Bf8 12.Rad1 Nh5 13.Be3 Na6 14.h3 Nb4 15.g4 Nf6
16.g5 Nd7 17.f4 Nc5 18.Bf2 Bd7 19.f5 Rad8 20.Bh4 g6 21.Bg3 Bc8 22.h4 Bg7
23.h5 Be5 24.Qf2 gxh5 25.Bxe5 Rxe5 26.Qh4 Kh8 27.Qxh5 Rg8 28.Rf4 Rg7 29.Rh4 Nd7
30.Nf3 Rc5 31.Qh6 Nf8 32.f6 Rg8 33.Kf2 Qb6 34.Qxh7+  1-0

[Event "TCh-ESP CECLUB Honor"]
[Site "Sestao ESP"]
[Date "2010.08.24"]
[Round "2"]
[White "Vallejo Pons,F"]
[Black "Vachier Lagrave,M"]
[Result "1/2-1/2"]
[WhiteElo "2697"]
[BlackElo "2723"]

1.e4 d6 2.d4 Nf6 3.Nc3 e5 4.dxe5 dxe5 5.Qxd8+ Kxd8 6.Nf3 Bd6 7.Bc4 Ke8 8.Bg5 Nbd7
9.O-O-O a6 10.a4 h6 11.Bh4 Kf8 12.Nd2 g5 13.Bg3 Kg7 14.f3 Bb4 15.Nd5 Nxd5
16.Bxd5 Re8 17.h4 f6 18.hxg5 hxg5 19.c3 Be7 20.Rh5 c6 21.Rdh1 Nf8 22.Bb3 Bc5
23.Nf1 Be6 24.Bxe6 Rxe6 25.Be1 Rd6 26.Ng3 Kf7 27.Nf5 Rd7 28.Kc2 Rad8 29.b4 Ba7
30.c4 Ke6 31.Rh8 b5 32.axb5 cxb5 33.Rg8 bxc4 34.Rhh8 Rf7 35.Nh6 Bb6 36.Nxf7 Kxf7
37.Kc3 Rc8 38.Rxf8+ Rxf8 39.Rxf8+ Kxf8 40.Kxc4 Ke7 41.b5 axb5+ 42.Kxb5 Be3
43.Kc6 Ke6 44.g4  1/2-1/2

[Event "6th Open"]
[Site "Dieppe FRA"]
[Date "2010.08.25"]
[Round "5"]
[White "Daurelle,H"]
[Black "Seret,JL"]
[Result "1/2-1/2"]
[WhiteElo "2239"]
[BlackElo "2396"]

1.e4 d6 2.d4 Nf6 3.Nc3 Nbd7 4.f4 e5 5.Nf3 exd4 6.Qxd4 c6 7.Be3 d5 8.exd5 Bc5
9.Qd3 Qe7 10.Nd4 Nxd5 11.Nxd5 cxd5 12.O-O-O Nf6 13.Be2  1/2-1/2

[Event "6th Prospero A Pichay Cup"]
[Site "Manila PHI"]
[Date "2010.08.25"]
[Round "8"]
[White "Alidani,L"]
[Black "Bhagwat,V"]
[Result "0-1"]
[WhiteElo "1996"]
[BlackElo "2175"]

1.e4 d6 2.d4 Nf6 3.Nc3 e5 4.d5 Be7 5.f4 exf4 6.Bxf4 Nbd7 7.Nf3 O-O 8.Bd3 Re8
9.O-O h6 10.Qd2 Bf8 11.Rae1 Ne5 12.h3 a6 13.Kh1 c5 14.Nxe5 dxe5 15.Bh2 b5
16.b3 Bd7 17.Nd1 a5 18.c4 b4 19.Ne3 Ra6 20.Nf5 Nh7 21.Bg1 a4 22.Be3 Qa8 23.Qf2 Bxf5
24.Qxf5 Qa7 25.Qf2 Qc7 26.Qd2 Be7 27.Qf2 Rf6 28.Qg1 axb3 29.axb3 Ra8 30.Ra1 Rfa6
31.Rxa6 Rxa6 32.Ra1 Ra5 33.Qb1 Nf8 34.Be2 Qa7 35.Rxa5 Qxa5 36.Bg4 Nh7 37.Bd7 Nf6
38.Ba4 Qc7 39.Qd3 Bd6 40.Kh2 Qe7 41.g4 g5 42.Kg2 Qf8 43.Bf2 Qg7 44.Bg3 Qg6
45.Kf3 h5 46.Qe3 hxg4+ 47.hxg4 Kf8 48.Bc6 Qh7 49.Bb7 Qh1+ 50.Ke2 Nxe4 51.Bc8 Nc3+  0-1

[Event "6th Geller Memorial Open A"]
[Site "Odessa UKR"]
[Date "2010.08.25"]
[Round "5"]
[White "Ivanov,VA UKR"]
[Black "Rakhmangulov,A"]
[Result "0-1"]
[WhiteElo "2084"]
[BlackElo "2394"]

1.e4 d6 2.d4 Nf6 3.Nc3 c6 4.f4 Qa5 5.Bd3 e5 6.Nf3 Bg4 7.fxe5 dxe5 8.dxe5 Nfd7
9.O-O Nxe5 10.Be2 Nxf3+ 11.Bxf3 Bxf3 12.Qxf3 Bc5+ 13.Kh1 O-O 14.Bf4 Qd8 15.Qg3 Re8
16.Rad1 Qc8 17.e5 Re6 18.Ne4 Be7 19.Bg5 Nd7 20.Bxe7 Rxe7 21.Nf6+ Kh8 22.Nxh7 Qe8
23.Qh3 Kg8 24.Ng5 Nf8 25.Rd4 Rxe5 26.Rh4 Ng6 27.Rh8+ Nxh8 28.Qh7+ Kf8 29.Qxh8+ Ke7
30.Qxg7 Kd7 31.Nxf7 Re7 32.Rd1+ Kc7 33.Qg3+ Kb6 34.Qb3+ Kc7 35.Nd6 Re1+  0-1

[Event "25th Open"]
[Site "Schwarzach AUT"]
[Date "2010.08.25"]
[Round "5"]
[White "Zelcic,R"]
[Black "Kunin,V"]
[Result "0-1"]
[WhiteElo "2554"]
[BlackElo "2534"]

1.e4 d6 2.d4 Nf6 3.Nc3 e5 4.Nf3 Nbd7 5.Bc4 Be7 6.O-O O-O 7.Re1 c6 8.a4 Qc7
9.h3 h6 10.Be3 Re8 11.Ba2 Nf8 12.dxe5 dxe5 13.Nh4 Ng4 14.Nf5 Nxe3 15.Rxe3 Bxf5
16.exf5 Nh7 17.Ne4 Nf6 18.Qe2 Nxe4 19.Rxe4 Bf6 20.Rd1 Rad8 21.Rxd8 Rxd8 22.g3 Qd7
23.g4 Qd1+ 24.Kg2 Qc1 25.Qc4 Kh8 26.Bb3 Qd2 27.Re2 Qd1 28.Re3 Bh4 29.c3 Qd6
30.Re1 c5 31.Qe4 Qb6 32.Qc4 Rd2 33.Qxf7 Qc6+ 34.Bd5 Qxd5+  0-1

[Event "TCh-ESP CECLUB Honor"]
[Site "Sestao ESP"]
[Date "2010.08.25"]
[Round "3"]
[White "Negi,P"]
[Black "Mchedlishvili,M"]
[Result "1/2-1/2"]
[WhiteElo "2615"]
[BlackElo "2625"]

1.e4 d6 2.d4 Nf6 3.Nc3 e5 4.dxe5 dxe5 5.Qxd8+ Kxd8 6.Bc4 Ke8 7.Nf3 Bd6 8.Ng5 Rf8
9.f4 Nc6 10.Nb5 h6 11.Nxd6+ cxd6 12.Nf3 Nxe4 13.Bd5 f5 14.fxe5 Nxe5 15.O-O Nf6
16.Bb3 Nxf3+ 17.gxf3 d5 18.Be3 Kf7 19.Bd4 Re8 20.a4 Be6 21.a5 a6 22.Rfe1 Rac8
23.Re5 Bd7 24.Rae1 Rxe5 25.Rxe5  1/2-1/2

[Event "TCh-SRB 1st League"]
[Site "Vrnjacka Banja SRB"]
[Date "2010.08.25"]
[Round "5"]
[White "Kosanovic,G"]
[Black "Strikovic,A"]
[Result "1/2-1/2"]
[WhiteElo "2375"]
[BlackElo "2554"]

1.e4 d6 2.d4 Nf6 3.Nc3 e5 4.Nf3 Nbd7 5.Bc4 Be7 6.O-O Nb6 7.Bb3 exd4 8.Qxd4 O-O
9.h3 Nfd7 10.Be3 Nc5 11.Qd2 Nbd7 12.Rfe1 Bf6 13.Bd4 Re8 14.Rad1 Nxb3 15.axb3 Ne5
16.Bxe5 Bxe5 17.Nxe5 Rxe5 18.f4 Re8 19.e5 Bf5 20.g4 Bd7 21.exd6 cxd6 22.Rxe8+ Bxe8
23.Qxd6 Qh4 24.Qd3 Bc6 25.Nd5 h5 26.Qf3 Bxd5 27.Rxd5 Qe1+ 28.Kg2 hxg4 29.hxg4 Qc1
30.Qf2 Qxb2 31.Qd2 Qf6 32.g5  1/2-1/2